[Event "FRA-chT2 West 0708"]
[Site "France"]
[Date "2008.03.15"]
[Round "8.8"]
[White "Desnoes, Anne Laure"]
[Black "Oberlin, Cecile"]
[Result "0-1"]
[WhiteElo "1499"]
[BlackElo "1640"]
[PlyCount "64"]
[EventDate "2007.10.21"]
[EventType "team"]
[EventRounds "11"]
[EventCountry "FRA"]
[SourceTitle "EXT 2009"]
[Source "ChessBase"]
[SourceDate "2008.11.26"]
[SourceVersion "1"]
[SourceVersionDate "2008.11.26"]
[SourceQuality "1"]
[WhiteTeam "Sautron"]
[BlackTeam "Cergy Pontoise"]
[WhiteTeamCountry "FRA"]
[BlackTeamCountry "FRA"]

1. e4 e5 2. Nf3 d6 3. h3 Be6 4. d4 exd4 5. Nxd4 Qc8 6. Nc3 a6 7. Bf4 Nc6 8. Be2 Nge7 9. Nxe6 Qxe6 10. 0-0 Ne5 11. Bh2 h5 12. f4 N5c6 13. Nd5 Nxd5 14. exd5 Qe3+ 15. Kh1 Ne7 16. Re1 Qc5 17. Bf3 0-0-0 18. Bg1 Qc4 19. Re4 Qxd5 20. Rd4 Qf5 21. Rb4 Nc6 22. Bxc6 bxc6 23. Ba7 d5 24. Ra4 Kd7 25. Bg1 Bd6 26. Qd2 Rde8 27. Bh2 Rh6 28. Rxa6 Qe4 29. Qc3 Bf8 30. Ra7 f5 31. Bg3 Rg6 32. Bf2 Qxg2# 0-1

[Event "FRA-chT2 West 0708"]
[Site "France"]
[Date "2008.01.20"]
[Round "6.8"]
[White "Oberlin, Cecile"]
[Black "Jean, Robert"]
[Result "0-1"]
[WhiteElo "1640"]
[BlackElo "1855"]
[PlyCount "114"]
[EventDate "2007.10.21"]
[EventType "team"]
[EventRounds "11"]
[EventCountry "FRA"]
[SourceTitle "EXT 2009"]
[Source "ChessBase"]
[SourceDate "2008.11.26"]
[SourceVersion "1"]
[SourceVersionDate "2008.11.26"]
[SourceQuality "1"]
[WhiteTeam "Cergy Pontoise"]
[BlackTeam "Evry Grand Roque II"]
[WhiteTeamCountry "FRA"]
[BlackTeamCountry "FRA"]

1. e4 c5 2. Nf3 d6 3. Bc4 e6 4. c3 Nf6 5. d3 a6 6. 0-0 b5 7. Bb3 Nc6 8. Re1 Be7 9. d4 cxd4 10. cxd4 0-0 11. e5 dxe5 12. dxe5 Nd7 13. Bf4 Bb7 14. Nbd2 Na5 15. Bc2 Nb6 16. Be4 Nd5 17. Bg3 Qb6 18. Qc2 h6 19. Rac1 Rac8 20. Qb1 Bb4 21. Kf1 Rfd8 22. a3 Be7 23. Rxc8 Rxc8 24. Bh7+ Kh8 25. Bc2 b4 26. Ne4 bxa3 27. bxa3 Qxb1 28. Bxb1 Bxa3 29. Nd6 Rc7 30. Bd3 Nb4 31. Ra1 Rc1+ 32. Rxc1 Bxc1 33. Nxf7+ Kg8 34. Bg6 Bd5 35. Nd4 Bb2 36. Ne2 Nc4 37. f4 a5 38. Be1 Nc6 39. Nc3 Bxc3 40. Bxc3 Ne3+ 41. Kg1 Nxg2 42. Nd6 Nxf4 43. Bf7+ Kf8 44. Ba1 Nd3 45. Bh5 Ndxe5 46. Kf2 Nd3+ 47. Ke3 Ndb4 48. Kd2 a4 49. Ne8 e5 50. Nd6 a3 51. Nb5 a2 52. Nc3 Be6 53. Na4 Nd4 54. Bg6 Nb3+ 55. Kc3 Nxa1 56. Kxb4 Nc2+ 57. Bxc2 a1Q 0-1